Países que Beben más Vino - Estadísticas

Estadísticas generales
  • Esta prueba ha sido intentada 174 veces
  • La puntuación promedio es 12 de 20
Estadísticas de respuestas
botellas / persona País % Correcto
77,3 Francia
98%
54,2 Italia
96%
78,9 Portugal
83%
43,6 Reino Unido
82%
41,4 Argentina
79%
49,4 Grecia
74%
45,3 Bélgica
72%
59,2 Suiza
71%
42,0 Australia
68%
40,3 Austria
67%
45,5 Suecia
63%
48,9 Dinamarca
55%
61,6 Luxemburgo
53%
64,2 Eslovenia
52%
39,7 Serbia
52%
49,4 Andorra
51%
52,7 Montenegro
35%
69,0 Moldavia
21%
50,3 Santo Tomé y Príncipe
1%
49,0 Seychelles
1%
No se encontraron pruebas coincidentes
Distribución de puntuación
Porcentaje de gente con cada puntuación
Porcentaje por número respondido
Historial de tus puntuaciones
No has intentado esta prueba.